1096 1160 1141 1550 1224 1164 1980 1254 1090 1310 1581 1300 1201 1407 1626 1095 1902 1613 1949 1516 1907 1625 1475 1879 1440 1347 1871 1124 1624 1405 1376 1972 1756 1321 1747 1878 1518 1539 1382 1560 1605 1842 1553 1548 1498 1426 1454 1153 1983 1915 1311 1382 1295 1823 1337 1499 1289 1417 1307 1018 1920 1680 1843 1583 1307 1554 1290 1448 1857 1262 1654 1135 1102 1784 1519 1215 1247 1812 1729 1915 1893 1655 1405 1768 1373 1455 1792 1970 1144 1302 1556 1102 1412 1893 1309 1176 1276 1385 1934 BCNSPRNW ULIB Ver.6.0+V

เปลี่ยนเป็นภาษาไทย

Change to English
 แสดงรายละเอียดบรรณานุกรม
  กลับหน้าหลัก

Brief Record : Get Marc (ISO 2709) : E-mail record : QR code < ปิดหน้าต่าง
LEADER : 00000nam 2200000uu 4500
001    13399123201
003     ULIB
008    140704s2551 th a 000 0 tha d
020    9789748458250
090    นว.^bT111ห
100    Tajmahal
245    ห้ามไม่ทันดันรักเธอ /^cTajmahal
260    กรุงเทพฯ :^b1168Publishing,^c2551
300    233 หน้า
710    1168Publishing
945    ^p169^l0^i20337
999    ^aทศพร เกษรทอง
รายการนี้ยังไม่มีแท็ก
คุณยังไม่ได้ล็อกอิน คุณสามารถมีกิจกรรมร่วมกับเว็บไซต์ได้ แต่ต้องล็อกอินก่อน ::
  ล็อกอิน

รายการสื่อสารสนเทศ

ลำดับที่ ประเภท เลขเรียก/บาร์โค้ด สถานที่ สถานะ
1. นวนิยาย
นวนิยาย
นว. T111ห ฉ.1 
  Barcode: 20337
ห้องสมุดวิทยาเขตนครสวรรค์
►นวนิยาย:l:Fiction
บนชั้น
Note:บริจาค

BibComment


ยังไม่เคยถูกคอมเมนท์

คอมเมนท์ทรัพยากรรายการนี้
  คอมเมนท์: ห้ามไม่ทันดันรักเ..


 Copyright 2026. Bcnsprnw @Library